Design of analog CMOS integrated circuits (Record no. 1618)

000 -LEADER
fixed length control field 00752nam a22002414a 4500
001 - CONTROL NUMBER
control field 1618
003 - CONTROL NUMBER IDENTIFIER
control field BD-DhUET
008 - FIXED-LENGTH DATA ELEMENTS--GENERAL INFORMATION
fixed length control field 000607s2001 maua b 001 0 eng
020 ## - INTERNATIONAL STANDARD BOOK NUMBER
International Standard Book Number 0070529035
040 ## - CATALOGING SOURCE
Original cataloging agency DLC
Transcribing agency DLC
Modifying agency BD-DhUET
082 00 - DEWEY DECIMAL CLASSIFICATION NUMBER
Classification number 623.815
Item number RAZ/2001
100 1# - MAIN ENTRY--PERSONAL NAME
Personal name Razavi, Behzad.
245 10 - TITLE STATEMENT
Title Design of analog CMOS integrated circuits
250 ## - EDITION STATEMENT
Edition statement 1st ed.
260 ## - PUBLICATION, DISTRIBUTION, ETC. (IMPRINT)
Place of publication, distribution, etc. New Delhi
Name of publisher, distributor, etc. Tata McGraw-Hill
Date of publication, distribution, etc. 2001
300 ## - PHYSICAL DESCRIPTION
Extent xx, 684 p.
Other physical details ill.
490 ## - SERIES STATEMENT
Series statement McGraw-Hill series in electrical and computer engineering
504 ## - BIBLIOGRAPHY, ETC. NOTE
Bibliography, etc Includes bibliographies
650 #0 - SUBJECT ADDED ENTRY--TOPICAL TERM
Topical term or geographic name as entry element Integrated circuits
856 42 - ELECTRONIC LOCATION AND ACCESS
Uniform Resource Identifier http://www.loc.gov/catdir/description/mh021/00044789.html
856 41 - ELECTRONIC LOCATION AND ACCESS
Uniform Resource Identifier http://www.loc.gov/catdir/toc/mh021/00044789.html
942 ## - ADDED ENTRY ELEMENTS (KOHA)
Koha item type General Book
Holdings
Piece designation (barcode) Koha date last borrowed Koha full call number Not for loan Damaged status Price effective from Source of classification or shelving scheme Location (home branch) Date acquired Withdrawn status Shelving location Sublocation or collection (holding branch) Koha date last seen Koha item type Koha issues (times borrowed) Koha normalized classification for sorting Lost status Copy number
103819 623.815/RAZ/2001  2014-09-09 Central Library, BUET2014-09-09 Circulation sectionCentral Library, BUET2016-06-18General Book 623_815000000000000_RAZ_2001 1
1038202018-01-28623.815/RAZ/2001  2014-09-09 Central Library, BUET2014-09-09 Circulation sectionCentral Library, BUET2018-03-13General Book1623_815000000000000_RAZ_2001 2
1076992025-04-21623.815/RAZ/2001  2014-09-13 Central Library, BUET2014-09-13 Circulation sectionCentral Library, BUET2025-05-13General Book3623_815000000000000_RAZ_2001 3
101593 623.815/RAZ/2001  2015-07-02 Central Library, BUET2015-07-02 Reading sectionCentral Library, BUET2015-07-02Reading Item 623_815000000000000_RAZ_2001 4